[Event "ESP-ch U10"]
[Site "Salobrena"]
[Date "2023.07.04"]
[Round "3"]
[White "Martinez Fernandez, Alvaro"]
[Black "Iglesias Pau, Nil"]
[Result "1-0"]
[WhiteElo "1262"]
[BlackElo "1089"]
[PlyCount "45"]
[EventDate "2023.07.03"]
[EventType "swiss"]
[EventRounds "9"]
[EventCountry "ESP"]
[SourceTitle "EXT 2024"]
[Source "ChessBase"]
[SourceDate "2023.10.10"]
[SourceVersion "1"]
[SourceVersionDate "2023.10.10"]
[SourceQuality "1"]

1. e4 c5 2. Nf3 e6 3. Nc3 a6 4. Bc4 b5 5. Be2 Bb7 6. d3 Nc6 7. Bf4 d6 8. d4 cxd4 9. Nb1 e5 10. Bg3 Nf6 11. c3 Qa5 12. b4 Qb6 13. Qb3 Be7 14. 0-0 0-0 15. Rd1 Nxe4 16. Qb2 dxc3 17. Nxc3 Nxc3 18. Qxc3 Rac8 19. Qb3 Rfd8 20. Bd3 h6 21. Bc2 a5 22. Qd3 Nxb4 23. Qh7+ 1-0

[Event "ESP-ch U10"]
[Site "Salobrena"]
[Date "2023.07.03"]
[Round "1"]
[White "Miralles Serna, Ricardo"]
[Black "Iglesias Pau, Nil"]
[Result "1-0"]
[WhiteElo "1454"]
[BlackElo "1089"]
[PlyCount "63"]
[EventDate "2023.07.03"]
[EventType "swiss"]
[EventRounds "9"]
[EventCountry "ESP"]
[SourceTitle "EXT 2024"]
[Source "ChessBase"]
[SourceDate "2023.10.10"]
[SourceVersion "1"]
[SourceVersionDate "2023.10.10"]
[SourceQuality "1"]

1. d4 d5 2. c4 e6 3. Nc3 Nf6 4. Bg5 Be7 5. e3 Nbd7 6. cxd5 exd5 7. Bd3 Ne4 8. Bxe7 Nxc3 9. Bxd8 Nxd1 10. Bxc7 Nxb2 11. Be2 Na4 12. Bf3 Nab6 13. Ne2 Nb8 14. Bxb6 axb6 15. Bxd5 Ra5 16. Bf3 0-0 17. 0-0 Be6 18. Bxb7 Rxa2 19. Rxa2 Bxa2 20. Nc3 Bc4 21. Rb1 Nd7 22. Bc6 Bd3 23. Rd1 Rc8 24. Nd5 Rxc6 25. Ne7+ Kf8 26. Nxc6 Bb5 27. Nb4 Ke7 28. Rc1 Ke6 29. g3 Kf5 30. Nd5 Ba4 31. Rb1 b5 32. Nc3 1-0

[Event "Foment Martinenc op-C 23rd"]
[Site "Barcelona"]
[Date "2023.05.13"]
[Round "4"]
[White "Iglesias Pau, Nil"]
[Black "Aguilera Malagon, Paulino"]
[Result "1-0"]
[WhiteElo "1007"]
[BlackElo "1429"]
[PlyCount "87"]
[EventDate "2023.04.22"]
[EventType "swiss"]
[EventRounds "9"]
[EventCountry "ESP"]
[SourceTitle "EXT 2024"]
[Source "ChessBase"]
[SourceDate "2023.10.10"]
[SourceVersion "1"]
[SourceVersionDate "2023.10.10"]
[SourceQuality "1"]

1. e4 c5 2. Nf3 g6 3. d4 Bg7 4. Nc3 Qa5 5. Be3 d6 6. Qd3 Bd7 7. e5 Nc6 8. Qb5 Qc7 9. exd6 exd6 10. Qd3 Nge7 11. Be2 a6 12. dxc5 Bf5 13. Qd2 dxc5 14. Bxc5 Rd8 15. Qe3 0-0 16. Bb6 Bxc3+ 17. bxc3 Qb8 18. Bxd8 Rxd8 19. 0-0 Nd5 20. Qc5 Nf4 21. Bxa6 Rd5 22. Qc4 Na5 23. Qb4 b6 24. Rab1 Qc7 25. Qxb6 Qxb6 26. Rxb6 Rc5 27. Rb5 Ne2+ 28. Kh1 Rxc3 29. Rxa5 Nf4 30. Nd4 Be4 31. f3 Ba8 32. g3 Nh5 33. Re1 Kg7 34. Rae5 Nf6 35. R1e3 Rc7 36. Re7 Rc5 37. Ne6+ Kh6 38. Nxc5 Ng4 39. R3e4 Nf2+ 40. Kg2 Nxe4 41. Rxe4 Bxe4 42. fxe4 Kg5 43. Bc8 Kf6 44. a4 1-0

[Event "Platja d'Aro op 9th"]
[Site "Platja d'Aro"]
[Date "2022.12.28"]
[Round "5"]
[White "Iglesias Pau, Nil"]
[Black "Voegeli, Max"]
[Result "1/2-1/2"]
[WhiteElo "1489"]
[BlackElo "1381"]
[PlyCount "73"]
[EventDate "2022.12.26"]
[EventType "swiss"]
[EventRounds "9"]
[EventCountry "ESP"]
[SourceTitle "CBM 211 Extra"]
[Source "ChessBase"]
[SourceDate "2023.01.31"]
[SourceVersion "1"]
[SourceVersionDate "2023.01.31"]
[SourceQuality "1"]

1. e4 d6 2. d4 Nf6 3. Nc3 c6 4. g3 e5 5. Nge2 Nbd7 6. Bg2 Be7 7. 0-0 0-0 8. f4 exd4 9. Nxd4 Qb6 10. Kh1 Nc5 11. Nf5 Bxf5 12. exf5 d5 13. Qe2 Bd6 14. a3 Rfe8 15. Qf3 Re7 16. b4 Nce4 17. Nxe4 Nxe4 18. Qe3 Qxe3 19. Bxe3 Nxg3+ 20. hxg3 Rxe3 21. Kh2 Rae8 22. b5 Rxa3 23. bxc6 bxc6 24. Rxa3 Bxa3 25. Ra1 Bc5 26. Ra6 Bb6 27. Kh3 Re3 28. c4 dxc4 29. Bxc6 c3 30. Ra1 c2 31. Ba4 Rc3 32. Rc1 Bf2 33. Rxc2 Rxc2 34. Bxc2 f6 35. Bb3+ Kf8 36. Kg2 Bc5 37. Kh3 1/2-1/2